GP2 Series - Vainqueurs - Statistiques

Statistiques générales
  • Ce quiz a été pris 17 fois
  • Le résultat moyen est 26 sur 75
Statistiques - réponses
Nb de Victoires Pilote Nationalité Equipes Années de compétition % Correct
5 Lewis Hamilton Britannique ART 2006
100%
5 Nico Rosberg Allemand ART 2005
100%
10 Pastor Maldonado Vénézuélien Trident, Piquet, ART, Rapax 2007-2010
92%
11 Stoffel Vandoorne Belge ART 2014-2015
92%
4 Pierre Gasly Français Caterham, DAMS, Prema 2014-2016
85%
9 Romain Grosjean Français ART, Barwa Addax, DAMS 2008-2011
85%
5 Sergio Pérez Mexicain Arden, Barwa Addax 2009-2010
85%
5 Antonio Giovinazzi Italien Prema 2016
77%
5 Nico Hülkenberg Allemand ART 2009
69%
1 Artem Markelov Russe Russian Time 2014-2016
62%
3 Bruno Senna Brésilien Arden, iSport 2007-2008
62%
5 Heikki Kovalainen Finlandais Arden 2005
62%
5 Nelsinho Piquet Brésilien Piquet 2005-2006
62%
2 Norman Nato Français Arden, Racing Engineering 2015-2016
54%
1 Arthur Pic Français Campos, Rapax 2014-2016
46%
3 Charles Pic Français Arden, Barwa Addax 2010-2011
46%
4 Esteban Gutiérrez Mexicain ART, Lotus 2011-2012
46%
5 Fabio Leimer Suisse Ocean, Rapax, Racing Engineering 2010-2013
46%
5 Giedo van der Garde Néerlandais iSport, Barwa Addax, Caterham 2009-2012
46%
7 Jolyon Palmer Britannique Arden, iSport, Carlin, DAMS 2011-2014
46%
1 Jules Bianchi Français ART 2010-2011
46%
5 Lucas di Grassi Brésil Durango, ART, Campos, Racing Engineering 2006-2009
46%
5 Mitch Evans Néo-Zélandais Arden, Russian Time, Campos 2013-2016
46%
6 Sam Bird Britannique ART, iSport, Russian Time 2010-2012
46%
2 Sébastien Buemi Suisse ART, Arden 2007-2008
46%
7 Timo Glock Allemand BCN, iSport 2006-2007
46%
5 Alex Lynn Britannique DAMS 2015-2016
38%
7 Davide Valsecchi Italien Durango, Barwa Addax, iSport, AirAsia, DAMS 2008-2012
38%
4 Felipe Nasr Brésilien DAMS, Carlin 2012-2014
38%
9 Giorgio Pantano Italien Super Nova, Coloni, Campos, Racing Engineering 2005-2008
38%
3 Marcus Ericsson Suédois Super Nova, iSport, DAMS 2010-2013
38%
3 Rio Haryanto Indonésien Carlin, Barwa Addax, Caterham, Campos 2012-2015
38%
3 Sergey Sirotkin Russe Rapax, ART 2015-2016
38%
4 Vitaly Petrov Russe David Price, Campos, Barwa Addax 2006-2009
38%
4 Alexander Rossi Américain Caterham, Campos, Racing Engineering 2013-2015
31%
3 Alexandre Prémat Français ART 2005-2006
31%
1 Giacomo Ricci Italien David Price 2008-2010
31%
1 Jérôme d'Ambrosio Belge DAMS 2008-2010
31%
1 Luca Ghiotto Italien Trident 2016
31%
2 Nobuharu Matsushita Japonais ART 2015-2016
31%
7 Stefano Coletti Monégasque Durango, Trident, Coloni, Rapax, Racing Engineering 2009-2014
31%
1 Dani Clos Espagnol Racing Engineering, Barwa Addax, MP 2009-2013
23%
4 James Calado Britannique Lotus, ART 2012-2013
23%
4 Johnny Cecotto Jr Vénézuélien David Price, Trident, Ocean, Barwa Addax, Arden, Hilmer, Carlin, Rapax 2009-2016
23%
1 Kamui Kobayashi Japonais DAMS 2008-2009
23%
2 Karun Chandhok Indien Durango, iSport, Ocean 2007-2009
23%
1 Nathanaël Berthon Français Racing Engineering, Trident, Lazarus 2012-2015
23%
2 Neel Jani Suisse Racing Engineering 2005-2006
23%
2 Nicolas Lapierre Français Arden, DAMS 2005-2007
23%
2 Richie Stanaway Néo-Zélandais Status 2015
23%
1 Stéphane Richelmi Monégasque Trident, DAMS 2011-2014
23%
2 Andreas Zuber Autrichien/E.A.U. Trident, iSport, Piquet, Coloni 2006-2009
15%
1 Clivio Piccione Monégasque Durango, David Price 2005-2006
15%
1 Edoardo Mortara Italien/Suisse Arden 2009
15%
2 Ernesto Viso Vénézuélien BCN, iSport, Racing Engineering 2005-2007
15%
2 Jon Lancaster Britannique Ocean, Hilmer, MP 2012-2015
15%
2 Jordan King Britannique Racing Engineering 2015-2016
15%
1 Marco Sorensen Danois MP, Carlin 2014-2015
15%
2 Max Chilton Britannique Ocean, Carlin 2010-2012
15%
1 Michael Ammermüller Allemand Arden, ART 2006-2007
15%
1 Raffaele Marciello Italien Racing Engineering, Trident, Russian Time 2014-2016
15%
1 Robin Frijns Néerlandais Hilmer 2013
15%
1 Tom Dillmann Français Rapax, Russian Time, Arden, Caterham 2012-2014
15%
1 Adrian Quaife-Hobbs Britannique MP, Hilmer, Rapax 2013-2014
8%
3 Gianmaria Bruni Italien Coloni, Durango, Trident 2005-2006
8%
1 Josef Kral Tchèque Super Nova, Arden, Barwa Addax 2010-2012
8%
1 José Maria Lopez Argentin DAMS, Super Nova 2005-2006
8%
6 Luca Filippi Italien Coloni, BCN, Super Nova, ART, Arden 2006-2012
8%
5 Luiz Razia Brésil Coloni, Rapax, AirAsia, Arden 2009-2012
8%
2 Olivier Pla Français David Price 2005-2007
8%
5 Adam Carroll Britannique Super Nova, Racing Engineering, Coloni 2005-2008, 2011
0%
2 Alvaro Parente Portugais Super Nova, Ocean, Coloni, Racing Engineering, Carlin 2008-2011
0%
3 Christian Vietoris Allemand Racing Engineering 2010-2011
0%
3 Javier Villa Espagnol Racing Engineering, Super Nova 2006-2009
0%
1 Mike Conway Britannique David Price, Super Nova, Trident 2006-2008
0%
Aucun quiz correspondant
Distribution des résultats
% des personnes avec chaque résultat
Percentile par nombre de réponses
Votre historique - résultats
Vous n’avez pas pris ce quiz